000
00230nam a22000857a 4500
008
161201b xxu||||| |||| 00| 0 eng d
100
_9
1650
_a
Ram,S.K
245
_a
Learning To Communicate : Couse Book
260
_a
New Delhi
_b
Oxford
_c
2004
999
_c
4363
_d
4363